000 002930000a22000970004500
100 1 _aWatson, Francis
245 1 0 _aBible, theology and the university : A response to Philip Davies
300 _aNúm 71 (1996), Páginas 3-16
773 0 _tJournal for the Study of the Old Testament
942 _cANA
999 _c54884
_d54884